000 00201 a2200097 4500
001 8609
100 _aMir Bashir
245 _aRamooz-e-Dasat Shanasi
260 _a
_bFerozsons
_c
090 _c6932
_d6932
942 _aNUST-CAE
_cM
_c33525
999 _c243682
_d243682